000 00494nam a2200205Ia 4500
003 OSt
005 20230403094916.0
008 210423s2009 xx 000 0 und d
020 _a9788125916079
040 _cAL
041 _aeng
082 _a657.95 RAMB
100 _aRAMAN (B S).
_982141
245 _aCorporate accounting.
260 _aMangalore
_bUnited Publishers
_c2009
300 _aiv,1252
_bPB
365 _b350
_cINR
906 _aaccounting. ; Corporate
942 _2ddc
_cBK
999 _c157904
_d157904